00536nam a22001817a 4500003000900000008004100009020001500050040007100065082002000136110001100156245006600167260001200233300002800245505002700273650002500300650001100325700001800336AR-CdUCM190327b ||||| |||| 00| 0 spa d a2884770968 aMUNICIPALIDAD PROVINCIAL DEL CUSCOcBIBLIOTECA MUNICIPAL DEL CUSCO a323.352 /bP967 aUnicef aProtegiendo los derechos del niño en conflicto con la ley / bUnicef, a125 páginas ;c21 cm. aDerechos del niño... aDerechos del niño. aLeyes. aDoek, Jaap E.